[Event "CZE-chT2A 1516"]
[Site "Czech Republic"]
[Date "2016.03.13"]
[Round "9.7"]
[White "Vanek, Bohuslav"]
[Black "Masek, Jan"]
[Result "0-1"]
[WhiteElo "1843"]
[BlackElo "1926"]
[PlyCount "72"]
[EventDate "2015.10.18"]
[EventType "team-tourn"]
[EventRounds "11"]
[EventCountry "CZE"]
[SourceTitle "EXT 2022"]
[Source "ChessBase"]
[SourceDate "2021.10.06"]
[SourceVersion "1"]
[SourceVersionDate "2021.10.06"]
[SourceQuality "1"]
[WhiteTeam "Karlovy Vary"]
[BlackTeam "Praha Dukla"]
[WhiteTeamCountry "CZE"]
[BlackTeamCountry "CZE"]

1. e4 e5 2. Nf3 Nc6 3. Bb5 a6 4. Ba4 Nf6 5. 0-0 Be7 6. Re1 b5 7. Bb3 0-0 8. c3 d5 9. exd5 Nxd5 10. d3 Bb7 11. Be3 Kh8 12. a4 Rb8 13. axb5 axb5 14. Bc2 f5 15. b4 Bf6 16. Bc5 Re8 17. Ra3 g5 18. Re2 Nf4 19. Rd2 Nxg2 20. Kxg2 g4 21. Ng1 Nd4+ 22. Kf1 Nf3 23. Nxf3 gxf3 24. d4 Rg8 25. Bb3 Qe8 26. Bxg8 Qxg8 27. Rd3 e4 28. Re3 Qg2+ 29. Ke1 Qg1+ 30. Kd2 Qxf2+ 31. Kc1 Qxe3+ 32. Nd2 Bg5 33. d5 Qd3 34. Bd4+ Kg8 35. Ra2 Bxd5 36. Rb2 e3 0-1

[Event "CZE-chT2A 1516"]
[Site "Czech Republic"]
[Date "2016.01.10"]
[Round "5.6"]
[White "Vanek, Bohuslav"]
[Black "Havlik, Jindrich"]
[Result "0-1"]
[WhiteElo "1843"]
[BlackElo "2081"]
[PlyCount "64"]
[EventDate "2015.10.18"]
[EventType "team-tourn"]
[EventRounds "11"]
[EventCountry "CZE"]
[SourceTitle "EXT 2022"]
[Source "ChessBase"]
[SourceDate "2021.10.06"]
[SourceVersion "1"]
[SourceVersionDate "2021.10.06"]
[SourceQuality "1"]
[WhiteTeam "Karlovy Vary"]
[BlackTeam "Klatovy"]
[WhiteTeamCountry "CZE"]
[BlackTeamCountry "CZE"]

1. e4 e6 2. f4 d5 3. e5 c5 4. Nf3 Nc6 5. c3 d4 6. d3 Nge7 7. Be2 Nf5 8. 0-0 Be7 9. Na3 0-0 10. Nc2 b5 11. Bd2 a5 12. Qe1 dxc3 13. bxc3 b4 14. Qf2 Ba6 15. Nfe1 bxc3 16. Bxc3 Rb8 17. Rd1 Nfd4 18. Ne3 f6 19. exf6 Bxf6 20. Bg4 e5 21. Bxd4 cxd4 22. Be6+ Kh8 23. Ng4 e4 24. dxe4 Bxf1 25. Qxf1 Qe7 26. f5 Ne5 27. Nxf6 Qxf6 28. Rxd4 Rb1 29. Rd2 Rd8 30. Bd5 Qb6+ 31. Kh1 Qb4 32. Re2 Nd3 0-1

[Event "CZE-chT2A 1516"]
[Site "Czech Republic"]
[Date "2015.11.08"]
[Round "2.7"]
[White "Vanek, Bohuslav"]
[Black "Hlavacek, Tomas"]
[Result "0-1"]
[WhiteElo "1843"]
[BlackElo "2017"]
[PlyCount "88"]
[EventDate "2015.10.18"]
[EventType "team-tourn"]
[EventRounds "11"]
[EventCountry "CZE"]
[SourceTitle "EXT 2022"]
[Source "ChessBase"]
[SourceDate "2021.10.06"]
[SourceVersion "1"]
[SourceVersionDate "2021.10.06"]
[SourceQuality "1"]
[WhiteTeam "Karlovy Vary"]
[BlackTeam "Karlovy Vary Tietz"]
[WhiteTeamCountry "CZE"]
[BlackTeamCountry "CZE"]

1. e4 c5 2. f4 e6 3. Nf3 d5 4. e5 b6 5. c3 Qd7 6. d4 Ba6 7. Bxa6 Nxa6 8. 0-0 h5 9. a4 Nh6 10. Na3 Nf5 11. Nc2 cxd4 12. cxd4 Rc8 13. Bd2 Be7 14. Bc3 Rc4 15. Qd3 Nb8 16. b3 Rc7 17. Rac1 0-0 18. Ne3 Nxe3 19. Qxe3 Rfc8 20. Bb2 Nc6 21. h3 Na5 22. g4 Rxc1 23. Rxc1 Rxc1+ 24. Bxc1 hxg4 25. hxg4 b5 26. Bd2 b4 27. Be1 Qc7 28. Nd2 Qc1 29. Qg3 Qc3 30. Kf1 Qxd4 31. Ke2 Nc6 32. Bf2 Qb2 33. Qd3 g5 34. Qb5 Nd4+ 35. Bxd4 Qxd4 36. Qe8+ Bf8 37. fxg5 Qxg4+ 38. Nf3 Qe4+ 39. Kf2 Qc2+ 40. Kg3 Kg7 41. Qd8 Qf5 42. Kg2 Qg4+ 43. Kf2 Bc5+ 44. Ke2 Qe4+ 0-1